MARC보기
LDR00000nam c2200205 a 4500
001000000341343
00520260417103534
007ta
008260407 2022 enka 000 0
020 ▼a 9780194758871
040 ▼a 248032 ▼c 248032 ▼d 248032
0490 ▼l WM4818 ▼v 1 ▼f W ▼l WM4819 ▼f W ▼v 1 ▼c 2
0820 ▼a 428.24 ▼2 21
090 ▼a 428.24 ▼b L352aa3
24520 ▼a American English File. ▼n 1 ▼p Student Book with Digital Pack / ▼d Christina Latham-Koenig, ▼e Clive Oxenden, ▼e Jerry Lambert, ▼e Paul Seligson
250 ▼a 3rd ed.
260 ▼a New York : ▼b Oxford University Press, ▼c 2022
300 ▼a 167 p. : ▼b col. ill. ; ▼c 28 cm
653 ▼a englis grammar ▼a english vocabulary ▼a english pronunciation
7001 ▼a Latham-Koenig, Christina
7001 ▼a Oxenden, Clive
7001 ▼a Lambert, Jerry
7001 ▼a Seligson, Paul
990 ▼b 관리자2